| 000 | 00473nam a2200181Ia 4500 | ||
|---|---|---|---|
| 005 | 20260429111918.0 | ||
| 008 | 260429s9999||||xx |||||||||||||| ||und|| | ||
| 020 | _a9789349036536 | ||
| 041 | _aEnglish | ||
| 082 |
_a658.312 _bDEV |
||
| 100 | _aDevakumar, G. | ||
| 245 | 0 |
_aSoft skills / _cG. Devakumar |
|
| 260 |
_aChennai : _bNational Academic Press, _c2026. |
||
| 300 | _aviii, 215 p.; hb | ||
| 650 | _a Soft skills | ||
| 650 | _aPersonnel management | ||
| 942 | _cTB | ||
| 999 |
_c51397 _d51397 |
||